| 000 | 00920nam a2200205Ia 4500 | ||
|---|---|---|---|
| 003 | OSt | ||
| 005 | 20210420120426.0 | ||
| 008 | 210310s1977 pe gr 100 0 spa d | ||
| 040 |
_aCO-JMCR _cCO-JMCR |
||
| 041 | 0 | _aspa | |
| 082 | 0 | 4 |
_223 _a343.06 / _bJ828j1 |
| 111 | 2 |
_aJornadas Latinoamericanas de Derecho Tributario _n(8a : _d1977 : _cLima) _937003 |
|
| 245 | 1 | 0 |
_aVIII Jornadas Latinoamericanas de Derecho Tributario / _cInstituto Latinoamericano de Derecho Tributario |
| 260 |
_aLima : _bInstituto Peruano de Derecho Tributario, _c1977 |
||
| 300 |
_b262 páginas ; _c25 cm. |
||
| 505 | 0 | _aAlcances de la responsabilidad tributaria de los administradores de empresas -- Problemas en la aplicación del impuesto al valor agregado | |
| 650 | 1 | 4 |
_aDerecho tributario _914866 _vCongresos, conferencias etc. _zAmérica Latina |
| 650 | 1 | 4 |
_aImpuestos _vCongresos, conferencias etc. _zAmérica Latina _936958 |
| 942 |
_2ddc _cBK |
||
| 999 |
_c7587 _d7587 |
||